[Event "DEN-ch Seniors 65"]
[Site "Logumkloster"]
[Date "2020.02.15"]
[Round "7"]
[White "Bauner, Jan"]
[Black "Cordes, Steffen"]
[Result "1-0"]
[WhiteElo "2004"]
[BlackElo "1928"]
[PlyCount "75"]
[EventDate "2020.02.09"]
[EventType "swiss"]
[EventRounds "7"]
[EventCountry "DEN"]
[SourceTitle "EXT 2021"]
[Source "ChessBase"]
[SourceDate "2020.10.23"]
[SourceVersion "1"]
[SourceVersionDate "2020.10.23"]
[SourceQuality "1"]

1. d4 Nf6 2. Bf4 g6 3. Nc3 d5 4. Qd2 h6 5. 0-0-0 Bg7 6. h4 c6 7. f3 b5 8. Kb1 Nbd7 9. Re1 Nb6 10. e4 b4 11. Nd1 dxe4 12. fxe4 Nh5 13. Nf3 Nxf4 14. Qxf4 Be6 15. d5 cxd5 16. Bb5+ Bd7 17. Bxd7+ Qxd7 18. e5 Qc7 19. Qxb4 0-0 20. Qc3 Qd7 21. h5 Rfc8 22. Qd3 Qf5 23. hxg6 Qxg6 24. e6 Qxd3 25. exf7+ Kxf7 26. cxd3 Nd7 27. d4 Rab8 28. Ne3 Rb5 29. Nf5 Bf6 30. Rxh6 Rc4 31. Nxe7 Bxd4 32. Nxd4 Rxd4 33. Rh7+ Kf6 34. Ng8+ Kg5 35. Rxd7 Rd2 36. b3 Ra5 37. a4 Rxg2 38. Rg7+ 1-0

[Event "DEN-ch Seniors 65"]
[Site "Logumkloster"]
[Date "2020.02.13"]
[Round "5"]
[White "Nielsen, Aage Sondergaard"]
[Black "Bauner, Jan"]
[Result "0-1"]
[WhiteElo "1888"]
[BlackElo "2004"]
[PlyCount "59"]
[EventDate "2020.02.09"]
[EventType "swiss"]
[EventRounds "7"]
[EventCountry "DEN"]
[SourceTitle "EXT 2021"]
[Source "ChessBase"]
[SourceDate "2020.10.23"]
[SourceVersion "1"]
[SourceVersionDate "2020.10.23"]
[SourceQuality "1"]

1. e4 c6 2. f4 d5 3. Nc3 dxe4 4. Nxe4 Nf6 5. Nxf6+ exf6 6. Bc4 Bd6 7. d4 0-0 8. Ne2 b5 9. Bd3 Be6 10. 0-0 f5 11. Rf3 Nd7 12. Rh3 Nf6 13. b3 g6 14. Bb2 Nd5 15. Qd2 b4 16. Rf1 Re8 17. c4 bxc3 18. Nxc3 Qa5 19. a3 Rab8 20. Bc4 Qc7 21. Nxd5 Bxd5 22. Bxd5 cxd5 23. Re3 Re4 24. Rxe4 fxe4 25. Qe3 Qc2 26. Bc1 Rxb3 27. Rf2 Qc4 28. Qe1 Rb1 29. Rf1 Bxa3 30. Qh4 0-1

[Event "DEN-ch Seniors 65"]
[Site "Logumkloster"]
[Date "2020.02.12"]
[Round "4"]
[White "Bauner, Jan"]
[Black "Norregaard, Claus"]
[Result "1/2-1/2"]
[WhiteElo "2004"]
[BlackElo "1941"]
[PlyCount "85"]
[EventDate "2020.02.09"]
[EventType "swiss"]
[EventRounds "7"]
[EventCountry "DEN"]
[SourceTitle "EXT 2021"]
[Source "ChessBase"]
[SourceDate "2020.10.23"]
[SourceVersion "1"]
[SourceVersionDate "2020.10.23"]
[SourceQuality "1"]

1. d4 Nf6 2. Bf4 d5 3. e3 c5 4. c3 Bg4 5. Be2 Bxe2 6. Qxe2 e6 7. Nd2 Nc6 8. Ngf3 Bd6 9. Bg3 0-0 10. 0-0 Bxg3 11. hxg3 Qe7 12. Rac1 e5 13. dxc5 e4 14. Nd4 Ne5 15. b4 Nd3 16. Rc2 a5 17. Rb1 axb4 18. cxb4 Ra4 19. c6 Nxb4 20. Qb5 Nxc2 21. Qxa4 Nxd4 22. exd4 bxc6 23. Nf1 h6 24. Qxc6 Qa7 25. Qc3 Qxa2 26. Ra1 Qe2 27. Ne3 Ng4 28. Nxg4 Qxg4 29. Qe3 Rc8 30. Rc1 Ra8 31. Qb3 Qg5 32. Rd1 Rc8 33. Kh2 Rc4 34. Kg1 Qf6 35. Qe3 Qc6 36. g4 Rc3 37. Qf4 Qc4 38. g5 hxg5 39. Qxg5 Qc6 40. Ra1 Qh6 41. Qxh6 gxh6 42. Ra5 Kg7 43. Rxd5 1/2-1/2

[Event "DEN-ch Seniors 65"]
[Site "Logumkloster"]
[Date "2020.02.11"]
[Round "3"]
[White "Bauner, Jan"]
[Black "Larsen, Finn1111"]
[Result "1-0"]
[WhiteElo "2004"]
[BlackElo "1822"]
[PlyCount "45"]
[EventDate "2020.02.09"]
[EventType "swiss"]
[EventRounds "7"]
[EventCountry "DEN"]
[SourceTitle "EXT 2021"]
[Source "ChessBase"]
[SourceDate "2020.10.23"]
[SourceVersion "1"]
[SourceVersionDate "2020.10.23"]
[SourceQuality "1"]

1. d4 f5 2. g4 d6 3. Nc3 Nc6 4. gxf5 Bxf5 5. e4 Bg6 6. Bg5 Nf6 7. f3 e5 8. d5 Nb8 9. Qd2 Be7 10. Be3 c6 11. 0-0-0 Qc7 12. Kb1 Nbd7 13. Bh3 0-0-0 14. Bxa7 b6 15. dxc6 Qxc6 16. Be6 Kb7 17. Nd5 Bf8 18. Bxb6 Nxb6 19. Qb4 Qc5 20. Qb3 Ka7 21. Rd3 Rb8 22. Rc3 Qf2 23. Qa3+ 1-0

[Event "DEN-ch Seniors 65"]
[Site "Logumkloster"]
[Date "2020.02.10"]
[Round "2"]
[White "Nielsen, Carsten Juul"]
[Black "Bauner, Jan"]
[Result "1-0"]
[WhiteElo "1902"]
[BlackElo "2004"]
[PlyCount "103"]
[EventDate "2020.02.09"]
[EventType "swiss"]
[EventRounds "7"]
[EventCountry "DEN"]
[SourceTitle "EXT 2021"]
[Source "ChessBase"]
[SourceDate "2020.10.23"]
[SourceVersion "1"]
[SourceVersionDate "2020.10.23"]
[SourceQuality "1"]

1. d4 Nf6 2. c4 e6 3. Nf3 d5 4. Bg5 Nbd7 5. Nc3 c6 6. e3 Qa5 7. Bxf6 Nxf6 8. Qc2 Ne4 9. Nd2 Nxc3 10. bxc3 Be7 11. Bd3 h6 12. 0-0 0-0 13. a4 Qc7 14. f4 c5 15. Rac1 dxc4 16. Nxc4 b6 17. Ne5 Bd6 18. Qe2 Bb7 19. Qh5 Bxe5 20. fxe5 Qe7 21. Rf6 gxf6 22. Qh4 Rfe8 23. exf6 Qf8 24. Rf1 e5 25. Rf5 e4 26. Rh5 Kh7 27. Bc4 Re6 28. d5 Rxf6 29. Qxf6 Qg7 30. Qxg7+ Kxg7 31. Rf5 Rd8 32. g4 f6 33. Kg2 Bc8 34. Rf4 Re8 35. Bb5 Re5 36. Bc6 a6 37. d6 b5 38. axb5 axb5 39. d7 Bxd7 40. Bxd7 b4 41. cxb4 cxb4 42. Ba4 Ra5 43. Bc6 b3 44. Bxe4 b2 45. Rf1 Rb5 46. Rb1 Rb4 47. Kf3 Kf7 48. Bf5 Ke7 49. Ke2 Kd6 50. Kd2 Ke5 51. Kc3 Rb6 52. Rxb2 1-0

[Event "DEN-ch Seniors 65"]
[Site "Logumkloster"]
[Date "2020.02.09"]
[Round "1"]
[White "Bauner, Jan"]
[Black "Larsen, Arne Walther"]
[Result "1-0"]
[WhiteElo "2004"]
[BlackElo "1712"]
[PlyCount "99"]
[EventDate "2020.02.09"]
[EventType "swiss"]
[EventRounds "7"]
[EventCountry "DEN"]
[SourceTitle "EXT 2021"]
[Source "ChessBase"]
[SourceDate "2020.10.23"]
[SourceVersion "1"]
[SourceVersionDate "2020.10.23"]
[SourceQuality "1"]

1. d4 Nf6 2. Bf4 g6 3. Nc3 Bg7 4. Qd2 d6 5. 0-0-0 c6 6. e4 b5 7. f3 Qa5 8. Kb1 Be6 9. d5 cxd5 10. Bxb5+ Nbd7 11. Nxd5 Qd8 12. Nxf6+ Bxf6 13. Ne2 Rb8 14. Nd4 a6 15. Ba4 0-0 16. Bb3 Nc5 17. Nc6 Qb6 18. Nxb8 Rxb8 19. Be3 a5 20. Bd4 a4 21. Bxe6 fxe6 22. Bxf6 exf6 23. Qc3 e5 24. Rd2 Ne6 25. Rhd1 Nd4 26. Qc4+ Kg7 27. c3 Nb5 28. Ka1 a3 29. b3 Qe3 30. Qd3 Qc5 31. Rc2 Rc8 32. Qd5 Qb6 33. Qd3 Qc5 34. Rdc1 Qb6 35. Kb1 Qc5 36. g3 Nc7 37. h4 h5 38. Rg2 Nb5 39. Rgc2 Qb6 40. Qd2 Qc5 41. g4 hxg4 42. fxg4 Rh8 43. Rh1 Rc8 44. Rhc1 Rh8 45. g5 Rxh4 46. gxf6+ Kf7 47. Qg5 Rf4 48. Rh1 Ke6 49. Qxg6 Rxf6 50. Qe8# 1-0

[Event "Wch Seniors 65 29th"]
[Site "Bucharest"]
[Date "2019.11.18"]
[Round "6"]
[White "Bauner, Jan"]
[Black "Thjomoe, Hans Richard"]
[Result "0-1"]
[WhiteElo "1989"]
[BlackElo "1870"]
[PlyCount "94"]
[EventDate "2019.11.12"]
[EventType "swiss"]
[EventRounds "11"]
[EventCountry "ROU"]
[SourceTitle "CBM 193 Extra"]
[Source "ChessBase"]
[SourceDate "2020.01.31"]
[SourceVersion "1"]
[SourceVersionDate "2020.01.31"]
[SourceQuality "1"]

1. d4 e6 2. Nf3 f5 3. g3 Be7 4. Bg2 d6 5. 0-0 Nf6 6. Nc3 0-0 7. Bg5 Ne4 8. Bxe7 Qxe7 9. Qd3 d5 10. Ne5 Nd7 11. f3 Nxe5 12. dxe5 Qc5+ 13. e3 Nxc3 14. bxc3 b6 15. Rfd1 a5 16. Qd4 Ba6 17. e4 fxe4 18. fxe4 c6 19. Rd2 Rab8 20. h3 Qe7 21. Qe3 Bc4 22. Bf1 Bxf1 23. Rxf1 Rxf1+ 24. Kxf1 Qf7+ 25. Rf2 Qh5 26. Qf3 Qxh3+ 27. Kg1 h5 28. g4 Qxg4+ 29. Qxg4 hxg4 30. exd5 cxd5 31. Rd2 Rc8 32. Rd3 Rc4 33. Kg2 Re4 34. Kg3 Kf7 35. Rd1 Rxe5 36. Rb1 Re3+ 37. Kxg4 Rxc3 38. Rxb6 Rxc2 39. a3 Kf6 40. Rb3 Rc4+ 41. Kf3 Kf5 42. Ke2 g5 43. Kf2 g4 44. Kg3 a4 45. Rd3 d4 46. Kh4 e5 47. Rg3 Rc1 0-1

[Event "Wch Seniors 65 29th"]
[Site "Bucharest"]
[Date "2019.11.15"]
[Round "4"]
[White "Bauner, Jan"]
[Black "Malmdin, Nils Ake"]
[Result "1/2-1/2"]
[WhiteElo "1989"]
[BlackElo "2172"]
[PlyCount "47"]
[EventDate "2019.11.12"]
[EventType "swiss"]
[EventRounds "11"]
[EventCountry "ROU"]
[SourceTitle "CBM 193 Extra"]
[Source "ChessBase"]
[SourceDate "2020.01.31"]
[SourceVersion "1"]
[SourceVersionDate "2020.01.31"]
[SourceQuality "1"]

1. d4 Nf6 2. Bf4 d6 3. Nc3 Nh5 4. Qd2 Nxf4 5. Qxf4 g6 6. Nf3 Bg7 7. e3 c6 8. Bc4 d5 9. Bd3 Qd6 10. Qxd6 exd6 11. h3 0-0 12. 0-0 b5 13. a3 f5 14. Ne2 a5 15. a4 b4 16. c4 Ba6 17. Rfc1 h6 18. Nf4 dxc4 19. Bxc4+ Bxc4 20. Rxc4 Kh7 21. Rac1 g5 22. Nd3 Ra7 23. b3 Re8 24. R4c2 1/2-1/2

[Event "DEN-chT 1617 55th"]
[Site "Denmark"]
[Date "2017.03.18"]
[Round "8.2"]
[White "Hoiberg, Nina"]
[Black "Bauner, Jan"]
[Result "1-0"]
[WhiteElo "2218"]
[BlackElo "1972"]
[PlyCount "75"]
[EventDate "2016.10.29"]
[EventType "team-tourn"]
[EventRounds "9"]
[EventCountry "DEN"]
[SourceTitle "EXT 2018"]
[Source "ChessBase"]
[SourceDate "2017.10.13"]
[SourceVersion "1"]
[SourceVersionDate "2017.10.13"]
[SourceQuality "1"]
[WhiteTeam "Nordre"]
[BlackTeam "Valby K41"]
[WhiteTeamCountry "DEN"]
[BlackTeamCountry "DEN"]

1. e4 c6 2. d4 d5 3. f3 g6 4. Nc3 h5 5. Be3 Bg7 6. Qd2 a5 7. Be2 a4 8. a3 dxe4 9. fxe4 e5 10. d5 Nf6 11. dxc6 Qxd2+ 12. Bxd2 bxc6 13. Nf3 Nbd7 14. 0-0 0-0 15. Bg5 Nh7 16. Bh4 Ba6 17. Bxa6 Rxa6 18. Rad1 Nb6 19. b3 Re8 20. Bf2 axb3 21. cxb3 Nf8 22. a4 Ne6 23. Rd6 Nc8 24. Rd7 c5 25. Rfd1 Rb6 26. Nb5 Nd4 27. Bxd4 exd4 28. Nd2 Rc6 29. Nc7 Rf8 30. a5 Nd6 31. a6 d3 32. a7 Bd4+ 33. Kf1 Rxc7 34. Rxc7 Nb5 35. Rb7 Nxa7 36. Rxa7 c4 37. Ra4 c3 38. Rxd4 1-0

[Event "EU-ch Seniors 65 16th"]
[Site "Yerevan"]
[Date "2016.06.12"]
[Round "8"]
[White "Manukyan, Aleksan"]
[Black "Bauner, Jan"]
[Result "1/2-1/2"]
[WhiteElo "2190"]
[BlackElo "1973"]
[PlyCount "74"]
[EventDate "2016.06.05"]
[EventType "swiss"]
[EventRounds "9"]
[EventCountry "ARM"]
[SourceTitle "CBM 172 Extra"]
[Source "ChessBase"]
[SourceDate "2016.06.21"]
[SourceVersion "1"]
[SourceVersionDate "2016.06.21"]
[SourceQuality "1"]

1. d4 d5 2. c4 e6 3. Nc3 Nf6 4. Bg5 Nbd7 5. e3 c6 6. Nf3 Qa5 7. Bxf6 Nxf6 8. Qb3 Ne4 9. cxd5 exd5 10. Bd3 Bb4 11. Rc1 0-0 12. 0-0 Be6 13. Ne2 Qb6 14. a3 Bd6 15. Qxb6 axb6 16. Bxe4 dxe4 17. Nd2 f5 18. f3 exf3 19. gxf3 b5 20. e4 fxe4 21. fxe4 Rxf1+ 22. Nxf1 b4 23. e5 Be7 24. axb4 Bxb4 25. Nf4 Kf7 26. d5 Bxd5 27. Nxd5 cxd5 28. Rc7+ Be7 29. Ne3 Ke6 30. Nxd5 Bd8 31. Rc5 Ra5 32. Nc7+ Bxc7 33. Rxc7 Rb5 34. Rxg7 Rxb2 35. Rxh7 Kxe5 36. h4 Kf5 37. Rg7 Rb4 1/2-1/2

[Event "EU-ch Seniors 65 16th"]
[Site "Yerevan"]
[Date "2016.06.06"]
[Round "2"]
[White "Akopian, Sergey"]
[Black "Bauner, Jan"]
[Result "0-1"]
[WhiteElo "1764"]
[BlackElo "1973"]
[PlyCount "98"]
[EventDate "2016.06.05"]
[EventType "swiss"]
[EventRounds "9"]
[EventCountry "ARM"]
[SourceTitle "CBM 172 Extra"]
[Source "ChessBase"]
[SourceDate "2016.06.21"]
[SourceVersion "1"]
[SourceVersionDate "2016.06.21"]
[SourceQuality "1"]

1. e4 c6 2. d4 d5 3. exd5 cxd5 4. Bd3 Nf6 5. c3 g6 6. Nf3 Bg7 7. 0-0 0-0 8. Nbd2 Bg4 9. Qb3 Qc7 10. Ne5 Be6 11. Qd1 Nbd7 12. f4 Nxe5 13. fxe5 Ng4 14. Nf3 f6 15. exf6 exf6 16. h3 Nh6 17. Qe1 Rae8 18. Qh4 Nf5 19. Qf4 Qb6 20. Qd2 Bd7 21. Qf2 Qc7 22. Bd2 Ng3 23. Rfe1 Ne4 24. Qf1 a6 25. c4 Ng3 26. Qf2 Ne4 27. Qf1 Nxd2 28. Nxd2 f5 29. Nf3 Bc6 30. b3 h6 31. Rxe8 Rxe8 32. Re1 Qd8 33. Rxe8+ Qxe8 34. Qe2 Qxe2 35. Bxe2 Kf7 36. Kf2 Ke6 37. Ke3 g5 38. g3 Bf6 39. Bf1 g4 40. Nd2 Bg5+ 41. Kd3 h5 42. Ke2 f4 43. gxf4 Bxf4 44. hxg4 hxg4 45. Bg2 Kd6 46. Nf1 dxc4 47. Bxc6 cxb3 48. axb3 Kxc6 49. Kd3 Kd5 0-1

[Event "DEN-ch Seniors 65+"]
[Site "Koge"]
[Date "2016.02.25"]
[Round "5"]
[White "Bauner, Jan"]
[Black "Stuhr, Finn"]
[Result "1-0"]
[WhiteElo "2019"]
[BlackElo "1742"]
[PlyCount "53"]
[EventDate "2016.02.21"]
[EventType "swiss"]
[EventRounds "7"]
[EventCountry "DEN"]
[SourceTitle "EXT 2018"]
[Source "ChessBase"]
[SourceDate "2017.10.13"]
[SourceVersion "1"]
[SourceVersionDate "2017.10.13"]
[SourceQuality "1"]

1. d4 Nf6 2. Bf4 e6 3. Nf3 c5 4. e3 Nc6 5. c3 d5 6. Nbd2 c4 7. Be2 h6 8. 0-0 Nh5 9. Bg3 Nxg3 10. hxg3 Bd6 11. e4 f6 12. b3 b5 13. a4 bxa4 14. bxc4 a3 15. cxd5 exd5 16. exd5 Ne7 17. c4 Nf5 18. c5 Bxg3 19. Bb5+ Kf7 20. fxg3 Ne3 21. Qb3 Nxf1 22. Rxf1 a2 23. d6+ Kf8 24. Qxa2 a6 25. Bc6 Ra7 26. Ne5 Bf5 27. Rxf5 1-0

[Event "DEN-ch Seniors 65"]
[Site "Randers"]
[Date "2015.02.13"]
[Round "7"]
[White "Bauner, Jan"]
[Black "Pedersen, Borge"]
[Result "1/2-1/2"]
[WhiteElo "2013"]
[BlackElo "2088"]
[PlyCount "118"]
[EventDate "2015.02.07"]
[EventType "swiss"]
[EventRounds "7"]
[EventCountry "DEN"]
[SourceTitle "EXT 2016"]
[Source "ChessBase"]
[SourceDate "2015.10.08"]
[SourceVersion "1"]
[SourceVersionDate "2015.10.08"]
[SourceQuality "1"]

1. d4 e6 2. Nf3 Nf6 3. Bf4 b6 4. e3 Bb7 5. Bd3 Be7 6. Nbd2 c5 7. c3 Nc6 8. 0-0 0-0 9. Qc2 h6 10. h3 Rc8 11. a3 d6 12. Rad1 Re8 13. Rfe1 Bf8 14. Bh2 Qe7 15. Nc4 Red8 16. dxc5 dxc5 17. Nd6 Rxd6 18. Bxd6 Qxd6 19. Bh7+ Nxh7 20. Rxd6 Bxd6 21. Rd1 Bc7 22. c4 Nf6 23. b3 a5 24. Qb2 Rd8 25. Rxd8+ Bxd8 26. Nd2 Bc7 27. f3 Nd7 28. Kf2 f5 29. g3 Be5 30. Qc2 Kf7 31. f4 Bc7 32. g4 Ne7 33. Qc3 Nf6 34. gxf5 exf5 35. b4 Ne4+ 36. Nxe4 Bxe4 37. bxa5 bxa5 38. Qd2 Bc6 39. Qd1 g6 40. Qa1 h5 41. Qh8 Ke6 42. Qg7 Be8 43. Qf8 Kd7 44. Qf6 Bd6 45. Qh8 Bf7 46. Qc3 Bc7 47. Qd3+ Ke8 48. Qb3 Kf8 49. Qb5 Be8 50. Qxc5 Bc6 51. Qa7 Bd8 52. Qb8 Ke8 53. Qd6 a4 54. Ke2 Ba5 55. Qe5 Bd8 56. Qd6 Bg2 57. Kf2 Be4 58. h4 Bc6 59. Ke2 Be4 1/2-1/2

[Event "DEN-ch Seniors 65"]
[Site "Randers"]
[Date "2015.02.11"]
[Round "5"]
[White "Bauner, Jan"]
[Black "Madsen, Svend Aage"]
[Result "1-0"]
[WhiteElo "2013"]
[BlackElo "2086"]
[PlyCount "117"]
[EventDate "2015.02.07"]
[EventType "swiss"]
[EventRounds "7"]
[EventCountry "DEN"]
[SourceTitle "EXT 2016"]
[Source "ChessBase"]
[SourceDate "2015.10.08"]
[SourceVersion "1"]
[SourceVersionDate "2015.10.08"]
[SourceQuality "1"]

1. d4 d5 2. Nf3 Nf6 3. c4 c6 4. Nc3 dxc4 5. e4 b5 6. e5 Nd5 7. Be2 e6 8. 0-0 Nxc3 9. bxc3 Be7 10. Nd2 Bb7 11. Bf3 Nd7 12. Be4 Qc7 13. Qg4 g6 14. a4 a6 15. Qf3 0-0 16. Qg3 c5 17. h4 cxd4 18. Bxb7 Qxb7 19. cxd4 Nb6 20. Nf3 b4 21. Bh6 Rfc8 22. h5 Nd5 23. Ng5 Rc6 24. Rae1 Bf8 25. Bxf8 Rxf8 26. Re4 Ne7 27. Rf4 Nf5 28. Qh3 f6 29. exf6 Qc7 30. hxg6 hxg6 31. f7+ Rxf7 32. Re4 Qe7 33. d5 Qxg5 34. dxc6 Rh7 35. Rg4 Qf6 36. Qf3 Rc7 37. Rd1 Qg7 38. Rd8+ Kh7 39. Qh3+ Nh6 40. Qf3 Nxg4 41. Qxg4 Qa1+ 42. Rd1 Qxa4 43. Qh4+ Kg7 44. Rd8 Qa1+ 45. Kh2 Qe5+ 46. g3 Qh5 47. Qxh5 gxh5 48. Rd7+ Kf6 49. Rxc7 c3 50. Rf7+ Kxf7 51. c7 b3 52. c8Q b2 53. Qd7+ Kf6 54. Qd3 Kf7 55. Kh3 a5 56. Kh4 a4 57. Kxh5 a3 58. Qb1 Kg7 59. Kg5 1-0

[Event "Aalborg Larsen Memorial"]
[Site "Aalborg"]
[Date "2014.10.15"]
[Round "3"]
[White "Bauner, Jan"]
[Black "Borsos, Bogdan"]
[Result "0-1"]
[WhiteElo "2032"]
[BlackElo "2228"]
[PlyCount "85"]
[EventDate "2014.10.13"]
[EventType "swiss"]
[EventRounds "7"]
[EventCountry "DEN"]
[SourceTitle "EXT 2015"]
[Source "ChessBase"]
[SourceDate "2014.11.20"]
[SourceVersion "1"]
[SourceVersionDate "2014.11.20"]
[SourceQuality "1"]

1. d4 Nf6 2. Nf3 e6 3. Bg5 c5 4. c3 Be7 5. Nbd2 d5 6. e3 b6 7. Ne5 Nfd7 8. Bxe7 Qxe7 9. Ndf3 0-0 10. Be2 Bb7 11. 0-0 f6 12. Nxd7 Nxd7 13. Nd2 e5 14. f4 cxd4 15. exd4 exd4 16. cxd4 Qe3+ 17. Kh1 Qxd4 18. Nb3 Qxd1 19. Raxd1 Nc5 20. Nd4 Rfe8 21. Bb5 Re4 22. Nf5 Rd8 23. a3 a6 24. Bd3 Nxd3 25. Rxd3 d4 26. Ng3 Re3 27. Rd2 d3 28. Kg1 a5 29. Rfd1 Ba6 30. Kf2 Rde8 31. Rc1 Bb5 32. Rc3 R3e6 33. Rb3 Ba6 34. Rc3 f5 35. Rc7 g6 36. Rc1 Rd6 37. Re1 Rxe1 38. Kxe1 Rd4 39. Rf2 Rc4 40. Nf1 Rc1+ 41. Kd2 Rc2+ 42. Ke1 Rc6 43. Ng3 0-1

[Event "WchT Seniors 50"]
[Site "Vilnius"]
[Date "2014.07.21"]
[Round "9.8"]
[White "Bauner, Jan"]
[Black "Khmiadashvili, Tamari"]
[Result "0-1"]
[WhiteElo "1974"]
[BlackElo "2076"]
[PlyCount "128"]
[EventDate "2014.07.13"]
[EventType "team-swiss"]
[EventRounds "9"]
[EventCountry "LTU"]
[SourceTitle "CBM 161 Extra"]
[Source "ChessBase"]
[SourceDate "2014.08.29"]
[SourceVersion "1"]
[SourceVersionDate "2014.08.29"]
[SourceQuality "1"]
[WhiteTeam "Denmark"]
[BlackTeam "Georgia (W)"]
[WhiteTeamCountry "DEN"]
[BlackTeamCountry "GEO"]

1. d4 d6 2. Nf3 c6 3. g3 g6 4. Bg2 Bg7 5. c3 Nf6 6. Nbd2 0-0 7. 0-0 Nbd7 8. h3 Qc7 9. Qc2 c5 10. e3 Rb8 11. a4 b6 12. Rd1 Bb7 13. Qd3 Rfc8 14. Qf1 c4 15. Ng5 h6 16. Nge4 Nxe4 17. Bxe4 Bxe4 18. Nxe4 f5 19. Nd2 e5 20. Qg2 Nf6 21. dxe5 dxe5 22. g4 Qd7 23. gxf5 gxf5 24. Qf3 e4 25. Qe2 Qd3 26. Qxd3 cxd3 27. Nb3 Nd5 28. Bd2 Kf7 29. f4 Bf6 30. Rf1 Rg8+ 31. Kh2 Rbc8 32. Rg1 Rxg1 33. Rxg1 Rc4 34. Ra1 a5 35. Kg3 Rc8 36. Rg1 h5 37. Kg2 Nc7 38. Nd4 Bxd4 39. exd4 Nd5 40. Kf2 Rc4 41. Ra1 Kg6 42. Rg1+ Kf7 43. Ra1 Ke7 44. Be3 Kd7 45. Bd2 Kc8 46. Be3 Kb7 47. Bd2 Ka6 48. Be3 b5 49. axb5+ Kxb5 50. Ra3 a4 51. Bd2 Rc6 52. b3 axb3 53. Rxb3+ Kc4 54. Ra3 e3+ 55. Bxe3 Re6 56. Bc1 Nxc3 57. Kf1 Nb1 58. Ra4+ Kb3 59. Ra5 d2 60. Bxd2 Nxd2+ 61. Kf2 Ne4+ 62. Kf3 Nd6 63. Re5 Rf6 64. d5 Kc4 0-1

[Event "WchT Seniors 50"]
[Site "Vilnius"]
[Date "2014.07.17"]
[Round "5.7"]
[White "Bauner, Jan"]
[Black "Romcovici, Victor"]
[Result "0-1"]
[WhiteElo "1974"]
[BlackElo "2106"]
[PlyCount "102"]
[EventDate "2014.07.13"]
[EventType "team-swiss"]
[EventRounds "9"]
[EventCountry "LTU"]
[SourceTitle "CBM 161 Extra"]
[Source "ChessBase"]
[SourceDate "2014.08.29"]
[SourceVersion "1"]
[SourceVersionDate "2014.08.29"]
[SourceQuality "1"]
[WhiteTeam "Denmark"]
[BlackTeam "Moldova"]
[WhiteTeamCountry "DEN"]
[BlackTeamCountry "MDA"]

1. d4 f5 2. g4 d5 3. Qd3 e6 4. Nf3 Nc6 5. c3 fxg4 6. Ne5 Nxe5 7. dxe5 Bd7 8. h4 c5 9. Bg5 Be7 10. Nd2 Bxg5 11. hxg5 Qxg5 12. Rxh7 Rxh7 13. Qxh7 0-0-0 14. Qh2 Ne7 15. f4 gxf3 16. Nxf3 Qe3 17. Qf2 Nf5 18. Bh3 Rh8 19. Qxe3 Nxe3 20. Kf2 Nc4 21. Ng5 Rh6 22. Kg3 Nxe5 23. Kf4 Nc4 24. b3 Rf6+ 25. Kg3 Ne3 26. Nf3 Kc7 27. Kf2 Nf5 28. Rg1 g6 29. Ne5 Be8 30. Ke1 Kd6 31. Ng4 Rf8 32. Bg2 Nh4 33. Bh1 b5 34. e4 dxe4 35. Bxe4 Nf3+ 36. Bxf3 Rxf3 37. Kd2 e5 38. Rd1 Ke6 39. Re1 Rf5 40. Re2 Rg5 41. Ne3 Bc6 42. a3 Rg1 43. c4 a6 44. Kc3 Rg3 45. Re1 g5 46. b4 cxb4+ 47. axb4 bxc4 48. Kxc4 Be4 49. Kc5 Bd3 50. Nd5 Rg2 51. Ne3 Re2 0-1

[Event "WchT Seniors 50"]
[Site "Vilnius"]
[Date "2014.07.16"]
[Round "4.6"]
[White "Quinn, John M"]
[Black "Bauner, Jan"]
[Result "1-0"]
[WhiteElo "2148"]
[BlackElo "1974"]
[PlyCount "61"]
[EventDate "2014.07.13"]
[EventType "team-swiss"]
[EventRounds "9"]
[EventCountry "LTU"]
[SourceTitle "CBM 161 Extra"]
[Source "ChessBase"]
[SourceDate "2014.08.29"]
[SourceVersion "1"]
[SourceVersionDate "2014.08.29"]
[SourceQuality "1"]
[WhiteTeam "England II"]
[BlackTeam "Denmark"]
[WhiteTeamCountry "ENG"]
[BlackTeamCountry "DEN"]

1. d4 d5 2. c4 e6 3. Nc3 c5 4. e3 Nc6 5. Nf3 Nf6 6. a3 a6 7. dxc5 Bxc5 8. b4 Ba7 9. Bb2 0-0 10. Qc2 dxc4 11. Bxc4 b5 12. Ba2 Bb7 13. Rd1 Qc8 14. Bb1 Ne7 15. h4 Ned5 16. Ng5 Nxc3 17. Bxc3 Qc4 18. Qb2 Nh5 19. Bxh7+ Kh8 20. Bd3 Qg4 21. Be2 Qxg2 22. Rf1 f6 23. Bxh5 fxg5 24. Bxg7+ Kg8 25. Bxf8 Rxf8 26. Rd7 gxh4 27. Qe5 Bd5 28. Rxa7 Bc4 29. Be2 Bxe2 30. Kxe2 Qg4+ 31. Ke1 1-0

[Event "EU-ch Seniors 13th"]
[Site "Plovdiv"]
[Date "2013.03.13"]
[Round "3"]
[White "Bauner, Jan"]
[Black "Lederman, Leon S"]
[Result "0-1"]
[WhiteElo "2054"]
[BlackElo "2243"]
[PlyCount "67"]
[EventDate "2013.03.11"]
[EventType "swiss"]
[EventRounds "9"]
[EventCountry "BUL"]
[SourceTitle "CBM 153 Extra"]
[Source "ChessBase"]
[SourceDate "2013.04.22"]
[SourceVersion "1"]
[SourceVersionDate "2013.04.22"]
[SourceQuality "1"]

1. d4 d5 2. Bf4 c5 3. e4 dxe4 4. d5 Nf6 5. Nc3 a6 6. Qe2 g6 7. 0-0-0 Bg7 8. Nxe4 Nxe4 9. Qxe4 0-0 10. Ne2 Nd7 11. Qe3 Nf6 12. Qxc5 Bf5 13. c3 Ne4 14. Qe3 Qa5 15. f3 Nd6 16. Nd4 Qxa2 17. g4 Qb1+ 18. Kd2 Qxb2+ 19. Ke1 Bd7 20. Rd2 Qb6 21. Kf2 Rfe8 22. h4 Rac8 23. h5 Nc4 24. Bxc4 Rxc4 25. hxg6 fxg6 26. Bh6 Qf6 27. Bxg7 Qxg7 28. Ne6 Qxc3 29. Qh6 Bxe6 30. Qxh7+ Kf8 31. Qh6+ Qg7 32. dxe6 Qxh6 33. Rxh6 Kg7 34. Rh1 0-1

[Event "Copenhagen K41 Sommer A"]
[Site "Copenhagen"]
[Date "2012.05.23"]
[Round "2"]
[White "Kragh, Niels Kristian"]
[Black "Bauner, Jan"]
[Result "0-1"]
[WhiteElo "2084"]
[BlackElo "1994"]
[PlyCount "96"]
[EventDate "2012.05.17"]
[EventType "tourn"]
[EventRounds "5"]
[EventCountry "DEN"]
[SourceTitle "EXT 2023"]
[Source "ChessBase"]
[SourceDate "2022.10.05"]
[SourceVersion "1"]
[SourceVersionDate "2022.10.05"]
[SourceQuality "1"]

1. e4 c6 2. d4 d5 3. exd5 cxd5 4. c4 Nf6 5. Nc3 g6 6. Qb3 Bg7 7. cxd5 0-0 8. Nge2 Nbd7 9. Nf4 Nb6 10. Be2 a5 11. a4 Bf5 12. 0-0 Ne4 13. Be3 Nd6 14. Rac1 Rc8 15. Nb5 Nxb5 16. Qxb5 Qd6 17. Rxc8 Rxc8 18. Qxa5 Ra8 19. Qc5 Nxa4 20. Ra1 h6 21. Qb5 Bd7 22. Qb3 Kh7 23. g3 Nc5 24. dxc5 Rxa1+ 25. Kg2 Qc7 26. Bf3 Rb1 27. Nd3 Qc8 28. h4 Bh3+ 29. Kh2 Bf1 30. Bg2 Bxd3 31. Qxd3 Rxb2 32. c6 bxc6 33. dxc6 Qc7 34. h5 Be5 35. hxg6+ fxg6 36. Be4 Qd6 37. Qc4 Kg7 38. Kh3 Rb4 39. Qd5 e6 40. Qxd6 Bxd6 41. Bf3 Bc7 42. Kg2 h5 43. Kh3 Kf6 44. g4 hxg4+ 45. Bxg4 Rc4 46. Bf3 g5 47. Bd2 Kf5 48. Bh1 g4+ 0-1